| 000 | 00397nam a22001217a 4500 | ||
|---|---|---|---|
| 082 | _a200 THE | ||
| 100 |
_aHASEEB-UR-REHMAN _929019 |
||
| 245 | _aTH-SOF-1701-Improved Burst Detection for Physical Layer of SDR Wideband Waveform | ||
| 260 |
_aISLAMABAD _bNUST COLLEGE OF EME _c2019 |
||
| 650 |
_aMS-COMPUTER ENGINEERING-80 MSTHESIS _970308 |
||
| 700 | _aSupervisor DR. SHOAB AHMED KHAN | ||
| 942 | _cCF | ||
| 999 |
_c577293 _d577293 |
||